| 000 | 02904nam a2200289Ia 4500 | ||
|---|---|---|---|
| 005 | 20180730093558.0 | ||
| 008 | 130821s1715 it fr 1 lat | ||
| 040 |
_aCo-BoUCM _bspa _cSandra Yazo (modificó) _dSandra Yazo (modificó) |
||
| 041 | 0 | _alat | |
| 082 | 0 | 4 |
_a262.9 _220 |
| 092 | _aE15N073 | ||
| 100 | 1 |
_aMostazo, Francisco de _961370 |
|
| 242 | 0 | 0 |
_aTratado sobre las obras pías. En general y en particular de D. D. Francisco de Mostazo: _bObra de mucha utilidad no sólo para los jueces y visitadores eclesiásticos, sino para los seglares, rectores de iglesias, confesores y abogados _yspa |
| 245 | 1 | 0 |
_aD. D. Francisci a Mostazo ... Tractatus de causis piis in genere, et in specie _bOpus non solum Judicibus, et visitatoribus ecclesiasticis valde utile; verum etiam saecularibus, ecclesiarum rectoribus, confessoribus, & advocatis summe necessarium |
| 260 |
_aVenetiis [Venecia] (Italia) _bApud Paulum Balleonium [En los talleres de Pablo Balleonio] _c1715 |
||
| 300 |
_a[8], 296 páginas _c34 x 24 cm. |
||
| 500 | _aDetalles físicos: Encuadernación flexible en pergamino, tapas y lomo con manchas y perforaciones notoria en la delantera. Guardas se conservan parcialmente, rotas. Portada impresa en dos tintas con marca tipográfica de los editores. Palabras al lector. Índice inicial y general de la obra. Licencias y permisos. Texto impreso en dos columnas, densas, con varios tipos y tamaños de letra. Sumarios y párrafos numerados. Cenefas. Mayúsculas capitales. Papel con manchas de hongos, humedad y oxidación. Nota de desinfección AGN 22 - Ene – 2018. Ejemplar en regular estado de conservación, primeras hojas afectadas por hongos y roturas | ||
| 505 | 0 | _aLibro 1- 4: Las causas pías ; Las donaciones pías ; Los testamentos píos ; Las sustituciones piadosas ; Los legados piadosos -- La misa y sus efectos ; Valor de la misa ; Los estipendios ; Tasación justa de los estipendios ; Legados de misas ; Misas de aniversario ; Bienes sobre los que puede imponerse el aniversario -- Qué es una capellanía ; Capellanías laicales y eclesiásticas ; Cómo otorgar las capellanías ; Cualidades del capellán ; Residencia de los capellanes -- Lo que se lega a Dios, a los Santos, a las iglesias, a los monasterios ; Lo que se lega a los pobres ; Lo que se lega para dotar jóvenes pobres | |
| 506 | _aConsulta en sala | ||
| 546 | _aTexto impreso en latín | ||
| 650 |
_aDerecho canónico _xObras anteriores a 1800 _929726 |
||
| 650 | 7 |
_aDerecho civil _xObras anteriores a 1800 _929560 |
|
| 653 | _aAmbos derechos | ||
| 690 |
_aDerecho canónico _912710 |
||
| 856 | 1 |
_zDisponible en línea _uhttp://books.google.com/books?id=tgJO0-BD_7sC&printsec=frontcover&dq=Tractatus+de+causis+piis+in+genere+et+in+specie+1715&hl=es&ei=YZfXTsvMN-rX0QHPhLnRDQ&sa=X&oi=book_result&ct=result&resnum=9&ved=0CFAQ6AEwCA#v=onepage&q |
|
| 942 |
_cLIBRO _a4 _e1 _2LOCAL _hE15N073 |
||
| 999 |
_c77114 _d77114 |
||